| 000 | 01073nas a2200277 4500 | ||
|---|---|---|---|
| 001 | BR2015004666 | ||
| 003 | BR-BrBNA | ||
| 005 | 20231205125709.0 | ||
| 007 | ta | ||
| 008 | 230509b bl.|||p| |||| 00| 00por d | ||
| 040 |
_aBR-BrBNA _bpor _cBiblioteca Nacional de Agricultura |
||
| 041 | _a(Pt) | ||
| 072 | _aF03; F02 | ||
| 100 | 1 | _aRibeiro, J.M. | |
| 100 | 1 | _aMelo, N.F. | |
| 100 | 1 | _aAtaíde, M.T.S. | |
| 111 | 1 |
_a16° Congresso Brasileiro de Floricultura e Plantas Ornamentais; 3° Congresso Brasileiro de Cultura de Tecidos de Plantas; 1° Simpósio de Plantas Ornamentais Nativas _cGoiânia, GO (Brazil) _d10-15 Sep 2007 |
|
| 245 | 1 | _aGerminação in vitro de sementes e micropropagação de goiabeira, variedade Paluma | |
| 650 | _aPRODUÇÃO DE SEMENTES | ||
| 650 | _aCULTURA IN VITRO | ||
| 650 | _aGOIABA | ||
| 650 | _aPROPAGAÇÃO VEGETATIVA | ||
| 773 | 0 |
_tRevista Brasileira de Horticultura Ornamental (Brazil) _xISSN 1809-6093 _g(Sep 2007), v. 13(Suplemento) p. 360 _wBR2015004666 |
|
| 909 |
_a202311 _bLúcia _c55 _dLúcia Elande |
||
| 942 |
_2AGRIS _n0 _cANA |
||
| 999 |
_c245629 _d245629 |
||